| 000 | 02747cam a22006014i 4500 | ||
|---|---|---|---|
| 003 | PE-LiUPU | ||
| 005 | 20250731170445.0 | ||
| 008 | 150706s1997 sp r 000 0 spa d | ||
| 020 | _a8420637122 | ||
| 020 | _a9788420637129 | ||
| 035 | _a(Sirsi) i9788420637129 | ||
| 040 |
_aPE-LiUPU _bspa _cPE-LiUPU _dPE-LiUPU _erda |
||
| 049 | _aPRUA | ||
| 082 | 0 | 4 |
_a150.195 _bF82 _221 |
| 100 | 1 |
_aFreud, Sigmund, _eautor. |
|
| 245 | 1 | 0 |
_aIntroducción al psicoanálisis / _cSigmund Freud. |
| 264 | 1 |
_aMadrid : _bAlianza Editorial, _c1997. |
|
| 300 |
_a530 páginas ; _c18 centímetros. |
||
| 336 |
_atext _2rdacontent |
||
| 337 |
_aunmediated _2rdamedia |
||
| 338 |
_avolume _2rdacarrier |
||
| 490 | 0 |
_aEl libro de bolsillo ; _v0637 |
|
| 505 | 0 | _aLos actos fallidos -- Los sueños -- Dificultades y primeras aproximaciones -- Condiciones y técnicas de la interpretación -- Contenido manifiesto e ideas latentes del sueño -- Los sueños infantiles -- La censura del sueño -- El simbolismo en el sueño -- La elaboración del sueño -- Análisis de algunos ejemplos de sueños -- Rasgos arcaicos e infantilismo del sueño -- Realizaciones de deseos -- Incertidumbre y críticas -- Teoría sexual -- Psicoanálisis y psiquiatría -- El sentido de los síntomas -- La fijación al trauma. Lo inconsciente -- Resistencia y represión -- La vida sexual humana -- El desarrollo de la libido y organizaciones sexuales -- Puntos de vista del desarrollo y de la regresión Etiología -- Modos de formación de síntomas -- La nerviosidad común -- La angustia -- La teoría de la libido y el narcisismo -- La transferencia -- La terapéutica analítica. | |
| 526 | _aSEG68 | ||
| 526 | _aSEG70 | ||
| 526 | _aSEG69 | ||
| 526 | _aSEG67 | ||
| 526 | _aSEG43 | ||
| 526 | _aP144 | ||
| 526 | _aP143 | ||
| 526 | _aP131 | ||
| 526 | _aP122 | ||
| 526 | _aP120 | ||
| 526 | _aP117 | ||
| 526 | _aP112 | ||
| 526 | _aP110 | ||
| 526 | _aP106 | ||
| 526 | _aP101 | ||
| 526 | _aP80 | ||
| 526 | _aP59 | ||
| 526 | _aP54 | ||
| 526 | _aP35 | ||
| 526 | _aP33 | ||
| 526 | _aP30 | ||
| 541 | _g015-0010686; | ||
| 650 | 0 | 4 |
_aPsicoanálisis _xIntroducciones. |
| 910 |
_agl _bjv _clch _d20090819 |
||
| 942 |
_2ddc _cBOOK |
||
| 949 |
_a150.195 F82 _wDEWEY _c1 _i59874 _d2016-11-29 _e2016-11-29 _lCCODEBUL1 _mBUL _n34 _p31.00 _r0 _sY _tBOOK _u2015-7-6 _xSALUD _PP33 _0COMPRA _o.STAFF. Colección Ciencias de la Salud |
||
| 994 |
_aC0 _bPEPRU |
||
| 596 | _a1 | ||
| 999 |
_a150.195 F82 _wDEWEY _c49406 _i59874 _d49406 _e2019-3-27 _f2021-11-3 _g5 _lCCODEBUL1 _mBUL _n51 _p31.00 _q5 _r0 _sY _tBOOK _u2015-7-6 _xSALUD _zP33 _0COMPRA _o.STAFF. Colección Ciencias de la Salud |
||
| 980 |
_81 _gALBERTO SANCHEZ Responsable de Automatización |
||